|
|
|
|
| LEADER |
00000cam a2200000 7i4500 |
| 001 |
0000019972 |
| 005 |
20091217.0 |
| 008 |
091216s nyua eng |
| 020 |
|
|
|a 9780071458085 ,
|c RM86.78
|
| 040 |
|
|
|a INS
|
| 090 |
0 |
0 |
|a HG4529
|b B76 2008
|
| 100 |
1 |
|
|a Brown, Constance
|
| 245 |
1 |
0 |
|a Technical analysis demystified
|c Constance Brown
|
| 260 |
|
|
|a New York :
|b McGrawHill ,
|c 2008
|
| 300 |
|
|
|a xiii, 252p. :
|b ill. ;
|c 24cm.
|
| 500 |
|
|
|a Includes index
|
| 650 |
|
0 |
|a Investment analysis
|
| 650 |
|
0 |
|a Stock price forecasting
|
| 999 |
|
|
|a 0000021305
|b BOOK
|c Open Shelf
|e Default branch
|
| 999 |
|
|
|a 0000021317
|b BOOK
|c Open Shelf
|e Default branch
|